100 meilleurs joueurs de FIFA 18 - Statistiques

Statistiques générales
  • Ce quiz a été pris 129 fois
    127 depuis la dernière actualisation
  • Le résultat moyen est 81 sur 100
Statistiques - réponses
Poste Club Nationalité Note Réponse % Correct
AG Real Madrid Portugal 94 Cristiano Ronaldo
99%
AD FC Barcelone Argentine 93 Lionel Messi
99%
AG PSG Brésil 92 Neymar
98%
BU Bayern Munich Pologne 91 Robert Lewandowski
97%
MC Real Madrid Croatie 89 Luka Modrić
96%
G Bayern Munich Allemagne 92 Manuel Neuer
96%
AD Real Madrid Pays de Galles 89 Gareth Bale
95%
MOC Manchester City Belgique 91 Kevin De Bruyne
95%
BU FC Barcelone Uruguay 92 Luis Suárez
95%
DC Real Madrid Espagne 90 Sergio Ramos
95%
G Chelsea Belgique 89 Thibaut Courtois
95%
MC Real Madrid Allemagne 90 Toni Kroos
95%
BU Atlético Madrid France 88 Antoine Griezmann
94%
G Manchester United Espagne 91 De Gea
94%
AG Chelsea Belgique 91 Eden Hazard
94%
G Juventus Italie 89 Gianluigi Buffon
94%
G Tottenham France 88 Hugo Lloris
94%
BU PSG Uruguay 88 Edinson Cavani
93%
MOC Juventus Argentine 89 Paulo Dybala
93%
MC Manchester United France 88 Paul Pogba
93%
MG Arsenal Chili 89 Alexis Sánchez
92%
MD Bayern Munich Pays Bas 88 Arjen Robben
92%
MOC Manchester City Espagne 89 David Silva
92%
MDC Chelsea France 88 N'Golo Kanté
92%
BU Borussia Dortmund/Arsenal Gabon 88 Pierre-Emerick Aubameyang
92%
BU Manchester City Argentine 89 Sergio Agüero
92%
DC PSG Brésil 88 Thiago Silva
92%
BU Manchester United/LA Galaxy Suède 88 Zlatan Ibrahimović
92%
CM FC Barcelone Espagne 87 Andres Iniesta
91%
BU Juventus Argentine 90 Gonzalo Higuaín
91%
BU Tottenham Angleterre 86 | 88 Harry Kane
91%
BU Real Madrid France 86 Karim Benzema
91%
DG Real Madrid Brésil 87 Marcelo
90%
MG Bayern Munich France 86 Franck Ribéry
89%
DC FC Barcelone Espagne 87 Gerard Piqué
88%
DC Juventus Italie 89 Giorgio Chiellini
88%
G Atlético Madrid Slovénie 88 Jan Oblak
88%
DC Milan AC Italie 88 Leonardo Bonucci
88%
MC PSG Italie 87 Marco Verratti
88%
MOC Arsenal Allemagne 88 Mesut Özil
88%
MDC Bayern Munich Chili 87 Arturo Vidal
87%
CM FC Barcelone Croatie 87 Ivan Rakitić
87%
G FC Barcelone Allemagne 87 Marc-André ter Stegen
87%
MDC FC Barcelone Espagne 87 Sergio Busquets
87%
AG Liverpool/FC Barcelone Brésil 87 Coutinho
86%
DC Besiktas Portugal 86 Pepe
86%
G Arsenal République Tchèque 86 Petr Čech
86%
DC Atlético Madrid Uruguay 88 Diego Godín
84%
DC Real Madrid France 85 Raphaël Varane
84%
AT Naples Belgique 87 Dries Mertens
83%
MC Bayern Munich Espagne 88 Thiago
83%
DC Bayern Munich Allemagne 88 Jérôme Boateng
82%
DG FC Barcelone Espagne 87 Jordi Alba
82%
BU Manchester United Belgique 86 Romelu Lukaku
82%
MOC Tottenham Danemark 88 Christian Eriksen
81%
AD Liverpool Egypte 85 Mohamed Salah
81%
DC Bayern Munich Allemagne 88 Mats Hummels
80%
AD PSG Argentine 85 Ángel Di María
79%
DG Bayern Munich Autriche 86 David Alaba
79%
DC Bayern Munich Espagne 86 Javi Martinez
79%
AG Naples Italie 87 Lorenzo Insigne
79%
CM Naples Slovaquie 87 Marek Hamšík
79%
AT Bayern Munich Allemagne 86 Thomas Müller
79%
MDC PSG France 85 Blaise Matuidi
77%
MOC Bayern Munich Colombie 86 James Rodríguez
77%
G Real Madrid Costa Rica 85 Keylor Navas
77%
MG Borussia Dortmund Allemagne 86 Marco Reus
77%
DC Manchester City Belgique 85 Vincent Kompany
77%
MDC Real Madrid Brésil 86 Casemiro
75%
BU Lazio Rome Italie 85 Ciro Immobile
75%
DC Chelsea Brésil 86 David Luiz
75%
MG Inter Milan Croatie 86 Ivan Perišic
75%
G Saint Etienne France 85 Stéphane Ruffier
75%
MDC Manchester City Brésil 85 Fernandinho
74%
MC Juventus Bosnie 86 Miralem Pjanic
74%
BU Arsenal France 85 Alexandre Lacazette
73%
MC Chelsea Espagne 86 Cesc Fàbregas
72%
MC Manchester City Allemagne 85 İlkay Gündoğan
71%
G Inter Milan Slovénie 88 Samir Handanovic
71%
DG Juventus Brésil 86 Alex Sandro
69%
G Monaco Croatie 85 Danijel Subašić
69%
DC Tottenham Belgique 85 Jan Vertonghen
67%
MG Atlético Madrid Belgique 85 Yannick Carrasco
66%
DC Manchester City Argentine 85 Nicolás Otamendi
65%
BU Chelsea Espagne 85 Alvaro Morata
64%
BU Atletico Madrid Espagne 86 Diego Costa
64%
DC Monaco Pologne 85 Kamil Glik
64%
DC Chelsea Espagne 86 Azpilicueta
62%
MC Real Madrid Espagne 86 Isco
62%
DG Atlético Madrid Brésil 86 Filipe Luís
61%
MC AS Rome Belgique 86 Radja Nainggolan
61%
MD Manchester United Arménie 85 Henrikh Mkhitaryan
57%
DC Borussia Dortmund Grèce 86 Sokratis Papastathopoulos
57%
DC Juventus Italie 85 Andrea Barzagli
55%
BU Inter Milan Argentine 86 Mauro Icardi
55%
DC Tottenham Belgique 86 Toby Alderweireld
53%
DC Inter Milan Brésil 86 Miranda
50%
MC Juventus Italie 85 Claudio Marchisio
49%
G Bayer Leverkusen Allemagne 85 Bernd Leno
39%
Aucun quiz correspondant
Distribution des résultats
% des personnes avec chaque résultat
Percentile par nombre de réponses
Votre historique - résultats
Vous n’avez pas pris ce quiz depuis la dernière actualisation